[Event "Nanjing Pearl Spring 1st"]
[Site "Nanjing"]
[Date "2008.12.12"]
[Round "2"]
[White "Svidler, Peter"]
[Black "Movsesian, Sergei"]
[Result "0-1"]
[WhiteElo "2727"]
[BlackElo "2732"]
[Annotator "Ftacnik,L"]
[PlyCount "94"]
[EventDate "2008.12.11"]
[EventType "tourn"]
[EventRounds "10"]
[EventCountry "CHN"]
[EventCategory "21"]
[SourceTitle "CBM 128"]
[Source "ChessBase"]
[SourceDate "2009.01.28"]
[SourceVersion "1"]
[SourceVersionDate "2009.01.28"]
[SourceQuality "1"]

1. e4 c5 2. Nf3 d6 3. d4 cxd4 4. Nxd4 Nf6 5. Nc3 e6 6. Be2 Be7 7. O-O O-O 8. f4
Nc6 9. Be3 e5 {This position has been in the limelight in the past, but Black
was able to prove excellent chances for equality.} 10. Nxc6 (10. Nb3 exf4 11.
Rxf4 Be6) (10. fxe5 dxe5 11. Nf5) 10... bxc6 11. Kh1 exf4 {Movsesian has no
desire to live in the insecurity regarding the pawn structure. In the Sicilian
Defence Black is often trying to compensate for the weakness of the d6-pawn
with pressure against e4.} (11... Be6 12. Bf3 Bc4 13. Re1 Nd7 14. b3 Ba6 15. f5
Nf6 16. g4 $13 {Kamsky,G-Khalifman,A/Las Vegas FIDE KO /1999/}) 12. Bxf4 Be6
13. Bf3 Qb8 {The novelty does not disturb the logic of the fight; previously
the queen used to be heading to b6.} (13... Qb6 14. b3 Rad8 (14... Rfd8 15. Qe1
Nd7 $2 16. Nd5 $1 cxd5 17. exd5 Bg4 18. Qxe7 Bxf3 19. Rxf3 Nf6 20. Be3 Qa5 21.
Rxf6 $1 gxf6 22. Qxf6 Re8 23. Qg5+ Kf8 24. Bd2 {1-0 Kamsky,G (2671)-Svidler,P 
(2743)/Sofia 2006}) 15. Qe1 (15. Qe2 Qa5 16. Nd1 Nd7 17. Bd2 Qc7 18. Qe1 Rde8
19. Ne3 Ne5 20. Be2 Ng6 21. Nf5 Bxf5 22. exf5 Bh4 23. Qd1 Qe7 24. Ba6 Ne5 25.
Qh5 Bf6 {1/2-1/2 Semenova,I (2240)-Kovalevskaya,E (2460)/Sochi 2006 (59)})
15... Kh8 (15... Rfe8 16. Rd1 Bg4 17. Qe2 Qa5 18. Bd2 Qh5 19. Bxg4 Qxg4 20. Qf2
Rd7 21. Bf4 Nh5 22. Bxd6 Bxd6 23. Rxd6 Ng3+ 24. Kg1 Nxf1 25. h3 Rxd6 26. hxg4
$16 {1/2-1/2 Rodriguez Guerrero,E (2440)-Sokolov,A (2589)/Evora 2006 (57)}) 16.
Rd1 Qa5 17. Bd2 Qe5 18. Ne2 d5 19. Bf4 Qb2 20. e5 Ne4 21. Nd4 Bc5 22. Nxe6 fxe6
23. Bxe4 dxe4 24. Qxe4 Rxd1 25. Rxd1 Qxa2 26. h3 {1-0 Xu Yuhua (2502)
-Kovalevskaya,E (2458)/Ekaterinburg 2006 (55) with a better coordination of
White's pieces.}) 14. b3 Qb4 15. Qd2 (15. Ne2 d5 $11) 15... Rfd8 16. Rad1 Rac8
17. Qe3 (17. Qd4 Qa5 18. Bd2 Qa3 $11) 17... d5 $5 {After finishing the
development of pieces, strict chess logic leaves Black with only two options:
1) wait and reshuffle the pieces 2) look for a way to enter the real conflict.}
18. Be5 (18. exd5 Nxd5 19. Bxd5 cxd5 20. Be5 Re8 $11) 18... Qa5 (18... dxe4 19.
Nxe4 Nd5 20. Qe2 $14) 19. exd5 (19. Qg5 Kh8 20. Qg3 h6 $11) 19... Nxd5 20. Nxd5
(20. Bxd5 cxd5 21. Rd3 $11) 20... cxd5 21. Bh5 $5 {Svidler is in a fighting
mood and immediatelly creates unpleasant threats.} (21. Rf2 h6 22. Re2 Bb4 $11)
21... d4 (21... Rxc2 $2 22. Bxg7 $1 Kxg7 23. Bxf7 $1 d4 (23... Bxf7 24. Qxe7
Rf8 25. Rd4 $18) 24. Qxe6 Qg5 25. Qe4 $16) 22. Qe4 (22. Rxd4 Rxd4 23. Qxd4 f6
24. Bg4 Bxg4 25. Qxg4 Qa6 $1 $19) 22... g6 23. Bf3 Bf5 24. Qf4 Bg5 {Within a
short span of few moves the board is witnessing a real chess drama. Black has
a whole plethora of options at his disposal, it seems that taking the c2-pawn
with a rook was the most promising alternative.} (24... Rxc2 $1 25. Be4 Re2 26.
Bc7 (26. Bxf5 Qxe5 27. Bd3 Qxf4 28. Rxf4 Rxa2 $17) 26... Rxe4 27. Bxa5 Rxf4 28.
Rxf4 Rd5 29. Bc3 Bc5 $11) (24... Bxc2 $2 25. Bb7 Rf8 26. Rc1 g5 27. Qxd4 $16)
25. Qxg5 Qxe5 26. Bg4 (26. c4 $1 Qe3 27. Qf6 Qe6 28. Qxe6 Bxe6 29. Rd2 $14)
26... h6 {Both players are in a fighting mood, otherwise Sergei could satisfy
himself with equality after 26...f6.} (26... f6 27. Rxf5 Qxf5 28. Bxf5 fxg5 29.
Bxc8 Rxc8 30. Rd2 Kf7 31. Kg1 a5 32. Rxd4 Rxc2 33. Ra4 Rc5 $11) 27. Rxf5 Qg7 $8
28. Qe7 $6 {Activity in chess has a lot of merit, but in some positions
restraint is more important, 28.Qh4! seems to have favoured White.} (28. Qh4 $1
gxf5 29. Bxf5 Rb8 30. Bd3 Re8 31. g3 $14) 28... gxf5 29. Bxf5 Re8 30. Qd6 (30.
Qxa7 $4 Qe5 $1 31. Bxc8 Qe1+ $19) 30... Rcd8 31. Qa6 Qg5 32. Bd3 Re7 33. Rf1
Kg7 34. g3 (34. h3 Qe5 $15) 34... Qd5+ 35. Kg1 Rd6 36. Qc8 Qe6 {Black has
managed to consolidate his position and he can even dream about an attack
against the enemy king.} 37. Qb8 (37. Qxe6 $2 fxe6 $17) 37... Rb6 38. Qd8 Rd6
39. Qb8 Rd5 40. Rf4 (40. Bc4 $2 Qe3+ 41. Kg2 Qe4+ 42. Kg1 Rf5 $17) 40... Rg5
41. Rf3 {[%mdl 256] Defensive tasks are nearly always tiresome. Svidler is
anything but sure, how best to set up his protective pieces.} (41. Qd8 Qe3+ 42.
Rf2 Re6 43. Kg2 Qe5 $15) 41... Qe5 42. Qd8 h5 43. Rf2 Re6 (43... h4 $4 44. Re2
$18) 44. Qd7 Rf6 45. Re2 (45. Rxf6 Qxf6 46. Kg2 h4 $17) 45... Qf4 46. Re4 $2 {
The decisive mistake in the position, which left no room for second rate
decisions.} (46. Re8 $1 Rxg3+ (46... h4 47. Qc8 Qf2+ 48. Kh1 Qf3+ 49. Kg1 Qd1+
50. Kg2 h3+ 51. Qxh3 Rh5 52. Be2 $17) 47. hxg3 Qxg3+ 48. Kh1 Qh4+ 49. Kg1 Qg5+
50. Kh1 Rf4 51. Re4 Qh4+ 52. Kg1 Rxe4 53. Bxe4 Qe1+ 54. Kh2 Qxe4 $17) 46...
Qf2+ 47. Kh1 h4 $1 {White has gracefully resigned, as the necessary
elimination of the intrusive h-pawn will be punished by forced mate.} (47... h4
$1 48. Rxh4 (48. Qxd4 Qf3+ 49. Kg1 h3 $19) 48... Qe1+ 49. Kg2 Rf2+ 50. Kh3
Rxh2+ 51. Kxh2 Qxg3+ $19) 0-1

[Event "EU-ch 4th"]
[Site "Istanbul"]
[Date "2003.06.11"]
[Round "11"]
[White "Stefansson, Hannes"]
[Black "Zvjaginsev, Vadim"]
[Result "1-0"]
[WhiteElo "2565"]
[BlackElo "2664"]
[Annotator "Ftacnik,L"]
[PlyCount "55"]
[EventDate "2003.05.30"]
[EventType "swiss"]
[EventRounds "13"]
[EventCountry "TUR"]
[SourceTitle "CBM 096"]
[Source "ChessBase"]
[SourceDate "2003.09.25"]
[SourceVersion "1"]
[SourceVersionDate "2003.09.25"]
[SourceQuality "1"]

1. e4 c5 2. Nf3 e6 3. d4 cxd4 4. Nxd4 Nc6 5. Nc3 d6 6. Be3 Nf6 7. Be2 Be7 8. f4
O-O 9. Qd2 e5 10. Nf3 b6 $6 $146 {Zvjaginsev gets the credit for independent
thinking, but less so for the value of the move.} (10... Ng4) (10... exf4 11.
Bxf4 Be6) 11. O-O-O Bb7 12. g4 $1 exf4 (12... Nxg4 13. Rhg1 Nxe3 (13... f5 14.
fxe5 Ncxe5 15. Nxe5 Nxe5 (15... dxe5 16. Bxg4 fxg4 17. Qd7 Bg5 18. Qe6+ Kh8 19.
Rxd8 Bxe3+ 20. Kb1 Raxd8 21. Rd1 $14)) 14. Qxe3 exf4 15. Qxf4 Qc8 16. Qh6 g6
17. Rg3 $16) 13. Bxf4 Ne5 (13... Nxg4 14. Rhg1 Nf2 15. Bh6 g6 16. Rdf1 $18) 14.
g5 (14. Nxe5 dxe5 15. Bxe5 Nxe4 $11) 14... Nfd7 $6 {Only this modest retreat
is really wrong as black was forced to to bite the bullet with the sharp and
daring jump 14...Nxe4!?} (14... Nxe4 $5 15. Nxe4 Bxe4 16. Bxe5 Rc8 (16... dxe5
17. Qe3 Bxf3 18. Rxd8 Bxh1 19. Rxa8 Rxa8 20. Qxe5 $16) 17. Bd4 (17. Bxg7 Rxc2+
18. Qxc2 Bxc2 19. Bxf8 Qc7 20. Bxe7 Bd3+ 21. Kd2 Qc2+ 22. Ke3 Qxe2+ 23. Kf4
Qe4+ 24. Kg3 Be2 $19) (17. Bc3 Bxf3 18. Rhg1 Bxe2 19. Qxe2 Bxg5+ $17) (17. Bf4
Rxc2+ 18. Qxc2 Bxc2 19. Kxc2 Qc8+ 20. Kd2 Qf5 21. Bg3 Qa5+ $15) 17... Rxc2+ 18.
Qxc2 Bxc2 19. Kxc2 Bxg5 20. Nxg5 Qxg5 21. Rhg1 Qf5+ 22. Bd3 Qc8+ 23. Kb1 g6 $13
) 15. h4 Rc8 (15... Nxf3 16. Bxf3 Ne5 17. Be2 Rc8 18. Nd5 $14) 16. Nd4 $1 Nc5 (
16... Ng6 17. Bg3 Re8 18. Rhf1 $16) 17. Qe3 Qc7 (17... Ng6 18. Bg4 Nd7 19. Ndb5
Nxf4 20. Qxf4 $16) 18. Ncb5 Qd7 (18... Qd8 19. Bxe5 dxe5 20. Nf5 Qe8 (20... Nd7
21. Bg4 Bc5 22. Qf3 Bd4 23. Nfxd4 exd4 24. Rxd4 $18) 21. Nxa7 Rc7 22. Nb5 $16)
19. Bxe5 dxe5 20. Nf5 Qe6 (20... Qe8 21. Nxa7 $16) 21. Bg4 $1 {Stefansson has
dream pieces while black is too slow with his counterplay.} Bxe4 (21... Kh8 22.
Nxe7 Qxe7 (22... Qxg4 23. Nxc8 Bxc8 24. Nd6 $18) 23. Bxc8 Bxc8 24. Nd6 $18) (
21... Qxa2 22. Nxe7+ Kh8 23. Bxc8 $18) 22. Nh6+ gxh6 23. Bxe6 fxe6 24. gxh6 Kh8
(24... Bxh1 25. Rxh1 Bf6 26. b4 Nd7 27. Rd1 $18) 25. Rhf1 Bf5 (25... a6 26. Nc3
Bf5 27. b4 $18) 26. Nd6 Bxd6 (26... Rcd8 27. Qxe5+ Bf6 28. Nf7+ Kg8 29. Qxf6
$18) 27. Rxd6 Ne4 28. Rxe6 (28. Rxe6 Bxe6 29. Rxf8+ Rxf8 30. Qxe4 Rf5 31. Qg2
Rf7 32. Qa8+ $18) 1-0

[Event "Hyderabad WIPRO"]
[Site "Hyderabad"]
[Date "2000.07.24"]
[Round "9"]
[White "Kunte, Abhijit"]
[Black "Sandipan, Chanda"]
[Result "1-0"]
[WhiteElo "2556"]
[BlackElo "2446"]
[Annotator "Ftacnik,L"]
[PlyCount "85"]
[EventDate "2000.07.16"]
[EventType "tourn"]
[EventRounds "11"]
[EventCountry "IND"]
[EventCategory "10"]
[SourceTitle "CBM 079"]
[Source "ChessBase"]
[SourceDate "2000.11.21"]
[SourceVersion "1"]
[SourceVersionDate "2000.11.21"]
[SourceQuality "1"]

1. e4 c5 2. Nf3 d6 3. d4 cxd4 4. Nxd4 Nf6 5. Nc3 Nc6 6. Be2 e6 7. O-O Be7 8.
Be3 O-O 9. f4 Bd7 10. Ndb5 Be8 (10... Qb8 $1 11. a4) 11. Kh1 a6 12. Nxd6 $5 {
[%mdl 4] An original and risky form of opening concept, black can hold on to a
pawn at a cost of a bishop's pair.} Qxd6 (12... Bxd6 13. e5 Bxe5 (13... Nxe5
14. fxe5 Bxe5 15. Bc5 Nd7 16. Bxf8 Qh4 17. h3 Qg3 18. Kg1 Nxf8 (18... Qh2+ 19.
Kf2 Bg3+ 20. Ke3 $14) 19. Bf3 Qh2+ 20. Kf2 Qg3+ 21. Kg1 $11) 14. fxe5 Qxd1 15.
Raxd1 Nd7 16. Ne4 Ncxe5 $13) 13. Qxd6 Bxd6 14. e5 Nb4 $6 (14... Nxe5 15. fxe5
Bxe5 16. Bc5 Bxc3 17. bxc3 Bc6 18. Bxf8 Kxf8 19. Rad1 $14) (14... Bxe5 15. fxe5
Nd7 16. Rad1 Ncxe5 $13) 15. Bg1 $1 (15. exd6 $2 Nxc2 16. Bf2 Nxa1 17. Rxa1 Bc6
$17) 15... Be7 (15... Bxe5 16. fxe5 Nd7 17. Bf3 $36) 16. exf6 gxf6 (16... Bxf6
$2 17. Bc5 $16) 17. a3 Nc6 (17... Nxc2 18. Rac1 $18) 18. Rad1 {White can be
very satisfied with a sound queenside majority, passive black pieces and
inferior kingside pawn structure.} f5 (18... b5 19. Ne4 $16) 19. Na4 Kh8 (19...
b5 20. Nc5 Bf6 21. c3 $16) 20. Bf3 Bf6 21. Nb6 Rd8 22. Rxd8 Nxd8 (22... Bxd8
23. Rd1 $16) 23. Rd1 Kg7 24. c3 Bc6 25. Nd7 Bxf3 (25... Bxd7 26. Rxd7 $16) 26.
gxf3 Re8 (26... Rg8 27. Bc5 Bh4 28. Rg1+ Kh8 29. Bd4+ f6 30. Bxf6+ Bxf6 31.
Nxf6 Rxg1+ 32. Kxg1 $16) 27. Bc5 $1 {The open g file opens a chance for a
violent mating attack.} Bh4 (27... Be7 $2 28. Bxe7 Rxe7 29. Rg1+ Kh6 30. Nf6
Rc7 31. Rg5 $1 Nc6 32. Ng8#) 28. Rg1+ Kh6 (28... Kh8 29. Bd4+ $18) 29. Bf8+ Kh5
30. Rg7 h6 (30... Kh6 31. Rxf7+ Kg6 32. Ne5+ Kh5 33. Rxh7#) 31. Rh7 Rxf8 $8 (
31... Kg6 32. Rxh6#) 32. Nxf8 Bf2 33. Rg7 {Black can claim no compensation for
the lost exchange.} (33. Kg2 Be3 34. Kg3 $18) 33... Be3 34. Nd7 Bxf4 35. Kg2
Kh4 (35... Bg5 36. Kh3 f4 37. b4 $16) 36. Nc5 Bd6 37. Rg8 $1 Be7 (37... Nc6 38.
Nxb7 $18) (37... Bxc5 38. Rxd8 $18) 38. Re8 Nc6 (38... Bf6 39. Nd7 $18) 39.
Nxb7 Bg5 40. Nd6 Ne5 41. Nxf5+ $1 Kh5 (41... exf5 42. Rxe5 $18) 42. Ng3+ Kg6
43. Ra8 1-0

[Event "FIDE-Wch k.o."]
[Site "Groningen"]
[Date "1997.12.09"]
[Round "1.1"]
[White "Benjamin, Joel"]
[Black "Zvjaginsev, Vadim"]
[Result "1/2-1/2"]
[WhiteElo "2580"]
[BlackElo "2635"]
[Annotator "Har Zvi,R"]
[PlyCount "51"]
[EventDate "1997.12.09"]
[EventType "k.o."]
[EventRounds "7"]
[EventCountry "NED"]
[SourceTitle "CBM 063"]
[Source "ChessBase"]
[SourceDate "1998.03.26"]
[SourceVersion "1"]
[SourceVersionDate "1998.03.26"]
[SourceQuality "1"]

1. e4 c5 2. Nf3 d6 3. d4 cxd4 4. Nxd4 Nf6 5. Nc3 Bd7 6. Be2 (6. Bg5 e6 7. Ndb5
Bc6 (7... Bxb5 8. Bxb5+ Nc6 9. O-O a6 $13 {Kuprechik}) 8. Bxf6 (8. Qf3 $5 a6 9.
Nd4 Be7 10. O-O-O Qa5 11. h4 Nbd7 12. Kb1 Rc8 13. Nxc6 Rxc6 14. Bd2 Qc7 15. Qg3
b5 16. Bd3 O-O 17. h5 Kh8 18. Ne2 $13 {Ivanovich-Kupreichik,Jugoslavia,1993})
8... gxf6 9. Qh5 a6 10. Nd4 Bd7 11. O-O-O Nc6 12. Nxc6 bxc6 13. Bc4 Qb6 $13 {
Spasov-Kuprechik,1994 Moskow}) (6. f3 $5) 6... e6 (6... e5 7. Ndb5 Bc6 8. Bg5
$1 (8. Nd5 Nxd5 9. exd5 Bxb5 10. Bxb5+ Nd7 11. O-O Be7 $132 {Van der
Wiel-Kupreichik,Erevan 1996 ol.}) 8... a6 9. Na3 b5 10. Bxf6 Qxf6 11. Nd5 Qd8
12. O-O Be7 13. c4 b4 14. Nxb4 Bxe4 15. Bf3 Bxf3 16. Qxf3 Ra7 17. Rad1 O-O 18.
Nac2 Qc8 19. Ne3 $14 {Solozenkin-Kupreichik,1996 Sankt-Peterburg}) (6... g6 7.
g4 h6 8. Be3 e5 9. Ndb5 Bc6 10. Nd5 Nxd5 11. exd5 Bxb5 12. Bxb5+ Nd7 13. Qd2 a6
14. Be2 Be7 15. h4 $1 Bxh4 $5 16. g5 hxg5 17. Bxg5 Bxg5 18. Rxh8+ Nf8 $44 {
Cuijperc-Kupreichik,Germany 1994}) 7. O-O (7. g4 h6 8. f4 e5 9. Nf5 Bc6 10. Bf3
g6 11. Ng3 Nbd7 12. f5 g5 13. a4 a6 14. Qe2 Be7 15. Be3 b5 16. a5 (16. axb5
axb5 17. Rxa8 Qxa8 $44) 16... Bb7 $132 {Sturua-Zvjaginsev,Pula 1997}) 7... Be7
8. f4 Nc6 9. Nb3 (9. Kh1 Nxd4 10. Qxd4 O-O 11. e5 Ne8 12. Be3 Bc6 13. Rad1 Qa5
$5 14. Rd3 f6 $1 $132 {Smirin-Gofstein,1997 Israel}) (9. Be3) 9... O-O 10. Be3
Rc8 (10... Qc7 11. Bf3 Rfd8 12. Qe1 Be8 13. a4 Rac8 14. Qf2 Qb8 15. a5 Nd7 16.
Na4 Nf6 $11 {Matulovich-Janca,  1978}) (10... a5 11. a4 Nb4 12. Bf3 e5 13. Rf2
Qc7 14. Kh1 Rfc8 15. Rd2 b6 16. Qe2 Qb7 17. Qf2 Rab8 18. Qg3 d5 $1 19. fxe5
Nxe4 20. Bxe4 dxe4 21. Rf1 Rxc3 22. bxc3 Nc6 23. Rdf2 Be6 $44 {
Semenova-Prudnikova 1986} 24. Nd4) 11. Bf3 (11. g4 h6 12. g5 hxg5 13. fxg5 Ne8
14. h4 Ne5 15. Nd4 a6 16. a4 g6 17. Qd2 f6 18. a5 Rf7 $13 {Orak-Djurich,1981
Vrnjachka Banja} 19. Nf3 Nxf3+ 20. Rxf3 Bc6 21. Rg3) 11... a6 (11... Qc7 12. g4
Rfd8 13. g5 Ne8 14. Qe1 Qb8 15. Rd1 b5 16. Rd2 a5 17. Rg2 a4 18. Nc1 a3 19.
bxa3 Na5 20. Nd3 $14 {Stean-Harston,1975 Teesside}) 12. a4 (12. g4 $5) 12... e5
$146 (12... Nb4 13. Rf2 e5 14. Rd2 Qc7 15. a5 Bc6 16. Qe2 Qb8 17. Rad1 Nd7 18.
Bg4 Rcd8 19. Bxd7 exf4 20. Bxf4 Bxd7 21. Bxd6 $16 {Kapengut-Shamkovich,USSR
1972}) 13. f5 (13. Nd5 Nxd5 14. exd5 Nb4 15. c3 Bf5 $13) 13... Nb4 (13... Na5
14. Nxa5 Qxa5 15. g4 h6 16. h4 Qb4 $132) 14. g4 h5 $1 (14... h6 15. Rf2 $14)
15. g5 (15. gxh5 d5) (15. h3 hxg4 16. hxg4 Nh7 {with blocade}) 15... Ng4 16.
Bxg4 Bxg5 $1 (16... hxg4 17. Rf2 Bxg5 18. Bxg5 Qxg5 19. Qxd6 $16) 17. Re1 (17.
Bxg5 Qxg5 18. Qxd6 Qxg4+ 19. Kh1 Rxc3 $1) (17. Bf2 hxg4 18. Qxd6 Nxc2 19. Rad1
Bc6 20. Qxe5 Qc7 $132) 17... hxg4 (17... Bxe3+ 18. Rxe3 Qb6 19. Kf2 hxg4 20. a5
Qa7 $17) 18. Kh1 $1 (18. Bxg5 Qxg5 19. Qxd6 Nxc2 20. Qxd7 Nxe1 21. Rxe1 Rfd8
22. Qxb7 Rb8 $19) 18... g6 $1 (18... Bc6 $143 19. Qxg4 Bxe3 20. Rxe3 Nxc2 21.
Rg3 Qf6 22. Rag1 $16) 19. Qxg4 (19. Bxg5 $143 Qxg5 20. Qxd6 Nxc2) 19... Bxe3
20. Rxe3 Nxc2 21. Rg3 Rxc3 $1 (21... Nxa1 22. Nd5 $13) 22. bxc3 Nxa1 23. Qh5
Be8 24. fxg6 fxg6 25. Rxg6+ Bxg6 26. Qxg6+ 1/2-1/2

[Event "FIDE-Wch k.o."]
[Site "Groningen"]
[Date "1997.12.09"]
[Round "1.1"]
[White "Slobodjan, Roman"]
[Black "Leko, Peter"]
[Result "1-0"]
[WhiteElo "2550"]
[BlackElo "2635"]
[Annotator "Hecht,H"]
[PlyCount "113"]
[EventDate "1997.12.09"]
[EventType "k.o."]
[EventRounds "7"]
[EventCountry "NED"]
[SourceTitle "CBM 063"]
[Source "ChessBase"]
[SourceDate "1998.03.26"]
[SourceVersion "1"]
[SourceVersionDate "1998.03.26"]
[SourceQuality "1"]

1. e4 c5 2. Nf3 d6 3. d4 cxd4 4. Nxd4 Nf6 5. Nc3 e6 6. Be2 Be7 7. O-O O-O 8.
Be3 Nc6 9. f4 e5 10. Nb3 exf4 11. Bxf4 Be6 12. Kh1 d5 13. e5 Ne4 (13... Nd7 14.
Nxd5 Ndxe5 15. c4 $14) 14. Nxe4 (14. Bd3) 14... dxe4 15. Qc1 (15. Qe1 Bg5 $1
16. Bb5 Bxf4 17. Rxf4 Nxe5 18. Rxe4 Bxb3 19. axb3 f6 20. b4 Qb6 {1/2-1/2
Gizynski,T-Zyla,J/POL-ch 1991/EXT 91ch (47)}) 15... Qc7 (15... Qb6 $142 $15 {
Leko}) 16. Qe3 Nb4 17. Qg3 (17. Rfc1 Nd5 18. Qxe4 Nxf4 19. Qxf4 Bf6 $15) 17...
Rfd8 (17... Qxc2 18. Bh6 g6 19. Nd4 Qxb2 20. Nxe6 fxe6 21. Bxf8 Rxf8 22. Bc4
Nd5 23. Rxf8+ Bxf8 24. Rf1 $16) 18. c3 Nd3 19. Nd4 Qb6 (19... Nxb2 20. Nxe6
fxe6 21. Qh3 $40) 20. Be3 Bc5 21. b3 Rac8 22. Rad1 Qa6 23. Bg5 Re8 24. Bf6 (24.
Nxe6 Qxe6 25. Bxd3 exd3 26. Bf6 Bf8 27. Rxd3 Kh8 $140 $4 28. Rd6 $18) 24... Bf8
25. c4 Kh8 26. Bg5 Qxa2 27. Bxd3 exd3 28. Nxe6 Rxe6 29. Rxd3 Qe2 30. Rdf3 Rc7
31. h3 Kg8 32. Qg4 Re8 33. Qd4 h6 34. Bf4 b6 35. Qd5 Re6 36. Bg3 Rce7 37. Kh2
Rxe5 (37... Z0 38. R1f2 Z0 39. Rxf7) 38. Bxe5 Qxe5+ 39. Qxe5 Rxe5 40. Rxf7 {
[#] Technische Aufgabe: K-Sicherung, Sicherung des letzten Bauern am
Damenflügel, Allmählicher Raumgewinn unter Aktivierung des Königs, K-Angriff
mit Fesselungsmotiv und evtl. Übergang ins Bauernendspiel.} Bd6 41. Kh1 a5 42.
Rd7 Re6 43. Rd1 Bg3 44. R7d3 Bf2 45. g3 Bc5 46. Kg2 a4 47. bxa4 Re2+ 48. Kf3
Rc2 49. Re1 Rxc4 50. Re4 Rc1 51. Kg4 Kh7 52. h4 Rf1 53. Rd7 Ra1 (53... Kg6 54.
Rf4 Ra1 55. h5+ Kh7 56. Rff7 Rxa4+ 57. Kf5 $18) 54. Rf4 Kg8 55. Kf5 Re1 56. Rg4
Bf8 57. Re4 (57. Re4 Rf1+ 58. Kg4 Kh7 59. Rf4 $18 {Turmtausch}) (57. Re4 Rg1
58. Kg4 Kh7 (58... g6 59. Re6) 59. Re8 Bc5 60. h5 Ra1 61. Rdd8 Rxa4+ 62. Kh3
$18) (57. Re4 Ra1 58. Re8 Rf1+ 59. Kg4 Kh7 60. Rdd8 Kg8 61. h5 Rf7 62. Rxf8+
Rxf8 63. Rxf8+ Kxf8 64. Kf5 Kf7 (64... Ke7 65. Ke5 Kd7 66. Kd5 $18) 65. Ke5 Ke7
(65... g6 66. hxg6+ Kxg6 67. Kd6 Kg5 68. Kc6 Kg4 69. Kxb6 Kxg3 70. a5 $18) 66.
Kd5 Kd7 67. g4 {Zugzwang}) 1-0

[Event "EU-ch 2nd"]
[Site "Ohrid"]
[Date "2001.06.01"]
[Round "1"]
[White "Gicev, Blagoja"]
[Black "Jobava, Baadur"]
[Result "0-1"]
[WhiteElo "2336"]
[BlackElo "2543"]
[Annotator "Hecht,H"]
[PlyCount "92"]
[EventDate "2001.06.01"]
[EventType "swiss"]
[EventRounds "13"]
[EventCountry "YUG"]
[SourceTitle "CBM 084"]
[Source "ChessBase"]
[SourceDate "2001.09.13"]
[SourceVersion "1"]
[SourceVersionDate "2001.09.13"]
[SourceQuality "1"]

1. e4 c5 2. Nf3 d6 3. d4 Nf6 4. Nc3 cxd4 5. Nxd4 Nc6 6. Be2 e5 7. Nb3 Be7 8.
O-O O-O 9. f4 exf4 10. Bxf4 Be6 11. Kh1 Rc8 12. Qe1 Ne8 13. Rd1 Bg5 14. Bg3 a6
15. e5 d5 16. Bf3 Nb4 17. Qe2 Nc7 18. a3 Nc6 19. Ne4 Bh4 20. Bf4 Qe7 21. Nc3
Rcd8 22. Be3 d4 23. Nxd4 Nxe5 24. Nxe6 Rxd1 25. Rxd1 Nxe6 26. Nd5 Qe8 27. Bg1
Nxf3 28. Qxf3 Qa4 29. Ne3 Qb5 30. b3 Rd8 31. Rxd8+ Bxd8 32. Nc4 Qd7 33. h3 Bc7
34. Qxb7 g6 35. Qf3 Nd4 36. Qd3 Nf5 37. Bh2 Qe7 38. Bxc7 Qxc7 {[#]
Zusammenspiel von schwarzer Dame mit Springer. Taktik: Springergabeln.} 39. g4
Nh4 40. Kg1 Qe7 41. Kf2 Qf6+ 42. Ke2 Ng2 43. Qd6 $5 (43. Kd2 $16) 43... Qh4 $1
$132 44. Qxa6 $2 Qe1+ 45. Kd3 $4 (45. Kf3 Nh4+ 46. Kf4 Ng2+ $11 (46... h6 47.
Ne3 $18)) 45... Nf4+ 46. Kd4 Ne6+ {[%cal Re6c7,Re6c5]} 0-1

[Event "Match/Club Leipzig SG-Moscow GU"]
[Site "Leipzig"]
[Date "1981.05.10"]
[Round "2.2"]
[White "Dolmatov, Sergey"]
[Black "Knaak, Rainer"]
[Result "1-0"]
[WhiteElo "2545"]
[BlackElo "2495"]
[Annotator "Knaak,R"]
[PlyCount "100"]
[EventDate "1981.05.09"]
[EventType "team"]
[EventRounds "2"]
[EventCountry "DDR"]
[SourceTitle "EXT 2006"]
[Source "ChessBase"]
[SourceDate "2005.11.24"]
[SourceVersion "1"]
[SourceVersionDate "2005.11.24"]
[SourceQuality "1"]

1. e4 c5 2. Nf3 d6 3. d4 cxd4 4. Nxd4 Nf6 5. Nc3 e6 6. Be2 Be7 7. O-O O-O 8. f4
Nc6 9. Be3 e5 10. Nb3 exf4 11. Rxf4 Be6 12. Nd5 Ne5 13. Nxe7+ Qxe7 14. Bd3 Nfg4
15. Bd2 Qc7 16. Bc3 g5 17. Bxe5 gxf4 18. Bc3 Qe7 (18... Ne5 $5 19. Qd2 (19. Qh5
$1 f6 20. Nd4 Bg4 21. Qh6 {>< f4}) 19... Ng6 20. h4 Bxb3 $1) 19. Qf3 Qg5 20.
Rf1 Ne5 21. Qxf4 Qxf4 22. Rxf4 Rfc8 23. Be2 a5 $2 (23... Rxc3 $1 {=/+/-/+}) 24.
a3 $11 Bxb3 25. cxb3 Rc5 26. Rf6 $14 Rd8 27. g4 Kf8 28. Rh6 Kg8 29. h4 Ng6 30.
Kf2 Re8 31. h5 Nf4 32. Rxd6 Nxe2 33. Kxe2 Rxe4+ 34. Kf3 $14 Re8 35. Rb6 Rb8 36.
Kf4 Rc6 37. Rb5 b6 38. Bxa5 f6 39. Bc3 Kf7 40. Rf5 h6 41. a4 Ra8 42. Rd5 Ke6
43. Rd4 Rg8 44. b4 Rg5 45. Re4+ Kf7 46. b5 Rc8 47. Bd4 Rc4 48. b3 Rb4 49. Bxb6
Rxb3 50. Be3 Re5 1-0